000 00499nam a2200157Ia 4500
005 20250315123215.0
008 231217s9999 xx 000 0 und d
020 _a9788120317123
082 _a001.64404 KAR;1 R
100 _aKartalopoulos, stamatios.
245 0 _aUnderstanding SONET/SDH and ATM : communications networks for the next millenium
260 _c1999
_bPHI
_aNew Delhi
300 _axxiii+256
650 _aUnderstanding,sonet/sdh,atm,communications,networks,next
942 _cAA
999 _c182506
_d182506